Normal view
MARC view
- SHAJI JAMES P
Entry Personal Name
001 - CONTROL NUMBER
- control field: 2972
003 - CONTROL NUMBER IDENTIFIER
- control field: OSt
005 - DATE AND TIME OF LATEST TRANSACTION
- control field: 20180303111511.0
008 - FIXED-LENGTH DATA ELEMENTS
- fixed length control field: 180303|| aca||aabn | a|a d
040 ## - CATALOGING SOURCE
- Original cataloging agency: OSt
- Transcribing agency: OSt
100 ## - HEADING--PERSONAL NAME
- Personal name: SHAJI JAMES P
670 ## - SOURCE DATA FOUND
- Source citation: Work cat.: (OSt): SHAJI JAMES P, Design, development and evaluation of a power tiller operated bed former, 1991
